Prv, než si dáte poistiť dom či byt, podrobne sa oboznámte s poistnými podmienkami

Na aké škody sa vzťahuje a nevzťahuje poistenie nehnuteľností. Vzorové príklady poistenia.

Gespeichert in:
Bibliographische Detailangaben
1. Verfasser: Sotník, Alexander
Format: Buchkapitel
Sprache:Slowakisch
Schlagworte:
Tags: Tag hinzufügen
Keine Tags, Fügen Sie das erste Tag hinzu!

MARC

LEADER 00000naa$a2200000$$$4500
001 0001563
005 20230920090932.0
041 0 |a slo 
044 |a SK 
245 1 0 |a Prv, než si dáte poistiť dom či byt, podrobne sa oboznámte s poistnými podmienkami  |c aut. Alexander Sotník 
520 |a Na aké škody sa vzťahuje a nevzťahuje poistenie nehnuteľností. Vzorové príklady poistenia. 
610 2 0 |a poistenie majetku 
610 2 0 |a škody 
100 1 |a Sotník, Alexander